000 00286nam a22001337a 4500
008 170926b xxu||||| |||| 00| 0 eng d
020 _a9780131707504
041 _aeng
080 _a37
100 _a37
101 _aEDU
245 _aCLASSROOM MANAGEMENT
_cLEE.M
942 _2udc
_cBK
999 _c30001
_d30001